00586nam a2200193Ia 4500003000900000008004100009040001300050040001300063041000800076041000800084100002100092245019200113260002500305260000900330300001100339300001000350490002500360490000700385IT-RoPAU120407s9999 xx 000 0 und d aIT-RoPAU cIT-RoPAU alat bita aEmilio Fogliasso aIl decreto “Perfectae Caritatis” sul rinnovamento della vita religiosa in rispondenza alle odierne circostanze. Cronistoria del Decreto. Testo latino-italiano. Esposizione e commento. aLeumann - Elle Di Ci c1967 a620 p. c21 cm aMagistero conciliare v18